| 000 | 00511nam a2200145Ia 4500 | ||
|---|---|---|---|
| 008 | 100204s9999 xx 000 0 und d | ||
| 082 | _b14333 | ||
| 100 | _aवरखेडकर वसंत | ||
| 245 | _aआई याज्ञवल्क्याची | ||
| 260 |
_b"सौरभ प्रकाशन , नागपूर" _c1983 |
||
| 300 | _a188 | ||
| 630 | _aआई याज्ञवल्क्याची | ||
| 730 | _aआई याज्ञवल्क्याची | ||
| 942 | _cBOOK | ||
| 999 |
_c458764 _d458761 |
||